Statistics for Name that 80s Movie Quiz

Click here to take the quiz!

General Stats

  • This quiz has been taken 116 times
  • The average score is 7 of 12

Answer Stats

YearActor/ActressMovie% Correct
1985Michael J. FoxBack to the Future
90%
1988Bruce WillisDie Hard
86%
1986Matthew BroderickFerris Bueller's Day Off
76%
1980Mark HamillThe Empire Strikes Back
73%
1986Sigourney WeaverAliens
72%
1980Jack NicholsonThe Shining
71%
1983Carrie FisherReturn of the Jedi
71%
1985Anthony Michael HallThe Breakfast Club
58%
1982Henry ThomasE.T. the Extra-Terrestrial
42%
1982Harrison FordBlade Runner
36%
1982Kurt RussellThe Thing
26%
1987Matthew ModineFull Metal Jacket
18%

Score Distribution

Percentile by Number Answered

Percent of People with Each Score

Your Score History

You have not taken this quiz